Metro Manila Click Map Quiz - Statistics

General Stats
  • This quiz has been taken 575 times
  • The average score is 13 of 17
Answers on the Map
Answers color-coded by a green-red scale on the quiz's map according to % correct below.
 
Answer Stats
Answer % Correct
Quezon City
89%
Caloocan City
84%
Manila City
83%
Malabon City
76%
Pasig City
76%
Marikina City
75%
San Juan City
74%
Taguig City
74%
Muntinlupa City
73%
Navotas City
73%
Valenzuela City
73%
Las Piñas City
72%
Municipality of Pateros
72%
Pasay City
70%
Makati City
69%
Parañaque City
69%
Mandaluyong City
68%
No matching quizzes found
Score Distribution
Percent of People with Each Score
Percentile by Number Answered
Your Score History
You have not taken this quiz